01406nam a2200229 a 4500008004100000020001500041050001600056100001900072245004300091250001200134260003100146300003800177350000900215650003900224995014300263995016300406995016400569995014300733995014100876995014201017999001701159090728s2002 ||||||||||||||||| || u a0073656011 aQD 31.2 Cha aChang, Raymond10aChemistry. (7th ed.)cby Raymond Chang a7th ed. aBoston:bMcGraw-Hillc2002 axxxii, 1001[various pagings]: ill a0.00 0aCHEMISTRY--HANDBOOKS, MANUALS, ETC aBINDERY (DAMAGED)D0.00e740205FCBU-MAIN LIBRARY (Kitwe)H1I0.00jQD 31.2 ChaM5UAVAILABLEWJul 28, 2009y740205ZShort Loan Collection aANNEX COLLECTION (Main Library)D0.00e740200FCBU-MAIN LIBRARY (Kitwe)H1I0.00jQD 31.2 ChaM3UAVAILABLEWJul 28, 2009y740200ZAnnex Low-Usage Collection  aMAIN LIBRARY OPEN ACCESSD0.00e740202FCBU-MAIN LIBRARY (Kitwe)H1I0.00jQD 31.2 ChaM2UAVAILABLEWJul 28, 2009y740202ZMain Library Open Access Collection aBINDERY (DAMAGED)D0.00e740201FCBU-MAIN LIBRARY (Kitwe)H1I0.00jQD 31.2 ChaM4UAVAILABLEWJul 28, 2009y740201ZShort Loan Collection aSHORT LOAN BOOKSD0.00e740204FCBU-MAIN LIBRARY (Kitwe)H1I0.00jQD 31.2 ChaM6UAVAILABLEWAug 5, 2009y740204ZShort Loan Collection aSHORT LOAN BOOKSD0.00e740203FCBU-MAIN LIBRARY (Kitwe)H1I0.00jQD 31.2 ChaM1UAVAILABLEWJul 28, 2009y740203ZShort Loan Collection c79308d79308